| 000 | 00488nam a22001937a 4500 | ||
|---|---|---|---|
| 005 | 20251108165037.0 | ||
| 008 | 250721s1994 xx 000 0 ara d | ||
| 082 | 1 | 4 | _a364/مجد |
| 100 | 1 | _aكامل، مجدي | |
| 245 | 1 | 0 | _aعشيقات المشاهير حب ودماء / |
| 264 | _c1994. | ||
| 300 | _a189ص | ||
| 650 | 1 | 7 | _aالجريمة |
| 650 | 1 | 7 | _aالمجرمون |
| 650 | 1 | 7 | _aالحب |
| 650 | 1 | 7 | _aالفساد السياسي |
| 942 |
_2ddc _cBK |
||
| 999 |
_c20720 _d20720 |
||